000 01066nam a2200241 a 4500
003 BD-DhJNU
005 20251211051530.0
008 251108s2025 bg |||g |||| 000 1|ben|d
020 _a9789849950394
040 _aBD-DhJNU
_bben
_cBD-DhJNU
_dBD-DhJNU
041 _aben
082 _a891.44309 BAK
_223
100 _aবানু, আরজুমন্দ আরা
245 1 0 _aকল্লোলের কলধ্বনি সমকালীন বাংলা উপন্যাস /
_cআরজুমন্দ আরা বানু
246 _aKolloler Kolodhoni Somokalin Bangla Uponnas
250 _a1st ed.
260 _aঢাকা :
_bবিশ্বসাহিত্য ভবন,
_c2025.
300 _a১২৭ পৃ. :
_bচিত্র ;
_c২১ সেমি.।
504 _aগ্রন্থপঞ্জিগত নির্দেশিকা ও নিঘন্ট অন্তভূক্ত
650 _aসমকালীন বাংলা উপন্যাস
650 _aContemporary Bengali novel
942 _cBK
999 _c2429
_d2429